|
|
|
|
| LEADER |
00983nam a2200241 i 4500 |
| 001 |
acta66167 |
| 005 |
20230322143225.0 |
| 008 |
200117s2002 hu o 0|| hun d |
| 020 |
|
|
|a 963 862 4000
|
| 022 |
|
|
|a 1587-2963
|
| 040 |
|
|
|a SZTE Egyetemi Kiadványok Repozitórium
|b hun
|
| 041 |
|
|
|a hun
|
| 100 |
1 |
|
|a Kiss Tamás
|
| 245 |
1 |
0 |
|a Magyar Egyetemisták és Főiskolások Szövetsége
|h [elektronikus dokumentum] :
|b Szeged 1956 /
|c Kiss Tamás
|
| 260 |
|
|
|a Belvedere Meridionale
|b Szeged
|c 2002
|
| 300 |
|
|
|a 223 p.
|c 23 cm
|
| 490 |
0 |
|
|a Szemtanú : fiatalok, mint a történelem szereplői
|v 2
|
| 561 |
|
|
|a Belvedere Meridionale kötetek
|
| 650 |
|
4 |
|a Bölcsészettudományok
|
| 650 |
|
4 |
|a Történettudomány és régészet
|
| 695 |
|
|
|a Forradalom - Magyarország - 1956 - regionális, Egyetemi hallgatók politikai szerepe - Szeged - 1956, Szeged - forradalom - 1956
|
| 700 |
0 |
1 |
|a Jancsák Csaba
|
| 856 |
4 |
0 |
|u http://acta.bibl.u-szeged.hu/66167/1/szemtanu_002.pdf
|z Dokumentum-elérés
|